Music Quiz

Random Music or Album Quiz

Pick the Greatest Albums (26-50) Quiz Stats

 Plays Quiz Updated Jun 30, 2016

Challenge
Share
Tweet
Score 0/25 Timer 04:00
1 Play Today
% Correct
Pink Floyd:
The Dark Side
of the Moon
95.1%
Bob Marley and
the Wailers:
Legend
93.8%
Fleetwood Mac:
Rumours
88.5%
Led Zeppelin:
Led Zeppelin
88.4%
U2: The Joshua Tree
87.9%
Little Richard:
Here's Little
Richard
86.8%
Ramones: Ramones
86.2%
Eagles:
Hotel California
84.7%
The Beatles:
Please Please Me
83.7%
Joni Mitchell: Blue
82.6%
Public Enemy:
It Takes a Nation of
Millions to
Hold Us Back
82%
The Doors: The Doors
81.5%
The Who:
Who's Next?
77.7%
% Correct
Bob Dylan:
Bringing It All
Back Home
77%
Carole King:
Tapestry
76.1%
John Coltrane:
A Love Supreme
70.4%
Patti Smith: Horses
69.4%
The Allman Brothers
Band: At Fillmore East
67.9%
Sex Pistols:
Never Mind the
Bollocks, Here's
the Sex Pistols
67.1%
The Band: The Band
66%
The Rolling Stones:
Let It Bleed
65.2%
Love: Forever Changes
63.8%
David Bowie: The
Rise and Fall of
Ziggy Stardust
and the Spiders
from Mars
62.2%
Muddy Waters:
The Anthology
60.1%
The Band:
Music from Big Pink
38.6%

You're not logged in!

Compare scores with friends on all Sporcle quizzes.
Join for Free
OR
Log In

You Might Also Like...

Show Comments

Extras

Top Quizzes Today


Score Distribution

Your Account Isn't Verified!

In order to create a playlist on Sporcle, you need to verify the email address you used during registration. Go to your Sporcle Settings to finish the process.

Report this User

Report this user for behavior that violates our Community Guidelines.

Details: